|
|
|
|
| LEADER |
00000nam a22000007a 4500 |
| 005 |
20171010193210.0 |
| 007 |
cr|||| |||| |
| 008 |
171010t2016 xxu||||ss|||| 0|||b1spa d |
| 035 |
|
|
|a 20505
|
| 040 |
|
|
|a vLex
|
| 090 |
|
|
|c 7120
|d 7120
|
| 245 |
|
|
|a La Prensa Grf̀ica
|h [Recurso electrn̤ico]
|
| 256 |
|
|
|a Servicio en ln̕ea
|
| 260 |
|
|
|a Miami:
|b Grupo de Diarios Amřica,
|c 2016 -
|
| 300 |
|
|
|a 1 recurso electrn̤ico
|
| 506 |
1 |
|
|a Disponible solo en los productos indicados
|d vLex Global
|d vLex Global (Academic Edition, excluding Law Schools)
|d vLex Global (U.S. Academic Edition, Law Schools)
|d vLex Global (U.S. Academic Edition, excluding Law Schools)
|d vLex Global (Academic Edition, Law Schools)
|
| 650 |
0 |
4 |
|a Interš general
|z Estados Unidos
|
| 740 |
|
|
|a vLex Revistas (Servicio en ln̕ea)
|
| 810 |
|
|
|a Diaria
|
| 856 |
4 |
0 |
|u http://vlex.com/source/prensa-grafica-20505/
|z Acceso restringido
|
| 942 |
|
|
|c REV
|
| 999 |
0 |
|
|a Public interest
|